<?xml version="1.0" encoding="UTF-8"?><?xml-stylesheet type="text/xsl" href="static/style.xsl"?><OAI-PMH xmlns="http://www.openarchives.org/OAI/2.0/" xmlns:xsi="http://www.w3.org/2001/XMLSchema-instance" xsi:schemaLocation="http://www.openarchives.org/OAI/2.0/ http://www.openarchives.org/OAI/2.0/OAI-PMH.xsd"><responseDate>2026-04-13T02:23:41Z</responseDate><request verb="GetRecord" identifier="oai:www.recercat.cat:11351/10392" metadataPrefix="marc">https://recercat.cat/oai/request</request><GetRecord><record><header><identifier>oai:recercat.cat:11351/10392</identifier><datestamp>2025-10-24T10:29:45Z</datestamp><setSpec>com_2072_378070</setSpec><setSpec>com_2072_378040</setSpec><setSpec>col_2072_378092</setSpec></header><metadata><record xmlns="http://www.loc.gov/MARC21/slim" xmlns:dcterms="http://purl.org/dc/terms/" xmlns:xsi="http://www.w3.org/2001/XMLSchema-instance" xmlns:doc="http://www.lyncode.com/xoai" xsi:schemaLocation="http://www.loc.gov/MARC21/slim http://www.loc.gov/standards/marcxml/schema/MARC21slim.xsd">
   <leader>00925njm 22002777a 4500</leader>
   <datafield ind2=" " ind1=" " tag="042">
      <subfield code="a">dc</subfield>
   </datafield>
   <datafield ind2=" " ind1=" " tag="720">
      <subfield code="a">Slocker Barrio, Maria</subfield>
      <subfield code="e">author</subfield>
   </datafield>
   <datafield ind2=" " ind1=" " tag="720">
      <subfield code="a">Belda Hofheinz, Sylvia</subfield>
      <subfield code="e">author</subfield>
   </datafield>
   <datafield ind2=" " ind1=" " tag="720">
      <subfield code="a">Guitart Pardellans, Carmina</subfield>
      <subfield code="e">author</subfield>
   </datafield>
   <datafield ind2=" " ind1=" " tag="720">
      <subfield code="a">García-Salido, Alberto</subfield>
      <subfield code="e">author</subfield>
   </datafield>
   <datafield ind2=" " ind1=" " tag="720">
      <subfield code="a">De Carlos Vicente, Juan Carlos</subfield>
      <subfield code="e">author</subfield>
   </datafield>
   <datafield ind2=" " ind1=" " tag="720">
      <subfield code="a">Cuervas-Mons Tejedor, Maite</subfield>
      <subfield code="e">author</subfield>
   </datafield>
   <datafield ind2=" " ind1=" " tag="720">
      <subfield code="a">Roca Pascual, David</subfield>
      <subfield code="e">author</subfield>
   </datafield>
   <datafield ind2=" " ind1=" " tag="260">
      <subfield code="c">2023-10-02T11:25:05Z</subfield>
   </datafield>
   <datafield ind2=" " ind1=" " tag="260">
      <subfield code="c">2023-10-02T11:25:05Z</subfield>
   </datafield>
   <datafield ind2=" " ind1=" " tag="260">
      <subfield code="c">2023-07-26</subfield>
   </datafield>
   <datafield ind2=" " ind1=" " tag="520">
      <subfield code="a">SARS-COV-2; Mechanical ventilation; Pediatric intensive care</subfield>
   </datafield>
   <datafield ind2=" " ind1=" " tag="520">
      <subfield code="a">SARS-COV-2; Ventilació mecànica; Cures intensives pediàtriques</subfield>
   </datafield>
   <datafield ind2=" " ind1=" " tag="520">
      <subfield code="a">SARS-COV-2; Ventilacion mecanica; Cuidados intensivos pediátricos</subfield>
   </datafield>
   <datafield ind2=" " ind1=" " tag="520">
      <subfield code="a">Introduction&#xd;
The purpose of this study is to describe the Severe Acute Respiratory Syndrome Coronavirus 2 (SARS-CoV2) disease characteristics and management in children admitted to the pediatric intensive care units (PICU).&#xd;
Methods&#xd;
The present study was based on a national multicentric prospective registry including PICU patients with SARS-CoV2 infection or symptoms of multisystem inflammatory syndrome in children (MIS-C).&#xd;
Results&#xd;
A total of 298 patients were admitted to 41 different Spanish PICUs. A total of 76% of them were previously healthy. The most frequent manifestation was MIS-C (69.8%). On admission, 59.4% of patients did not have respiratory distress, and only 17.4% needed conventional mechanical ventilation (MV). The need for MV was associated with age (incidence rate ratios [IRR] 1.21, p &lt; .012), pediatric sequential organ failure assessment score (p-SOFA) Score (IRR 1.12, p = .001), and need for transfusion (IRR 4.5, p &lt; .004) in MIS-C patients, and with vasoactive drug use (IRR 2.73, p = .022) and the diagnosis of acute respiratory distress syndrome (IRR 2.83, p = .018) in patients admitted for other reasons. During the first day of admission, 56% of patients met shock criteria and 50.7% needed vasoactive drugs. In MIS-C patients, their use was associated with higher p-SOFA score (IRR 1.06, p &lt; .001) and with the diagnosis of shock (IRR 5.78, p &lt; .001). In patients without MIS-C, it was associated with higher p-SOFA score (IRR 1.05, p = .022). The mortality rate was 3%, being lower in MIS-C patients compared to patients admitted for other reasons (0.5% vs. 9.4%, p &lt; .001). It was also lower in previously healthy patients compared to patients with previous comorbidities (0.9% vs. 9.7%, p &lt; .001).&#xd;
Conclusions&#xd;
Severe SARS-CoV2 infection is uncommon in the pediatric population. In our series, respiratory distress was rare, being MIS-C the most frequent cause of PICU admission related to SARS-CoV2. In most cases, the course of the disease was mild except in children with previous diseases.</subfield>
   </datafield>
   <datafield ind2=" " ind1=" " tag="520">
      <subfield code="a">This study has been founded by the Carlos III Health Institute (ISCIII) through the COVID-19 found. Ref. COV20-00944. The founder had no role in study design, data collection, analysis and interpretation.</subfield>
   </datafield>
   <datafield ind1="8" ind2=" " tag="024">
      <subfield code="a">http://hdl.handle.net/11351/10392</subfield>
   </datafield>
   <datafield tag="653" ind2=" " ind1=" ">
      <subfield code="a">Pediatria intensiva</subfield>
   </datafield>
   <datafield tag="653" ind2=" " ind1=" ">
      <subfield code="a">COVID-19 (Malaltia) - Tractament</subfield>
   </datafield>
   <datafield tag="653" ind2=" " ind1=" ">
      <subfield code="a">Registres mèdics</subfield>
   </datafield>
   <datafield tag="653" ind2=" " ind1=" ">
      <subfield code="a">DISEASES::Virus Diseases::RNA Virus Infections::Nidovirales Infections::Coronaviridae Infections::Coronavirus Infections</subfield>
   </datafield>
   <datafield tag="653" ind2=" " ind1=" ">
      <subfield code="a">Other subheadings::Other subheadings::/therapy</subfield>
   </datafield>
   <datafield tag="653" ind2=" " ind1=" ">
      <subfield code="a">HEALTH CARE::Health Care Facilities, Manpower, and Services::Health Facilities::Hospital Units::Intensive Care Units::Intensive Care Units, Pediatric</subfield>
   </datafield>
   <datafield tag="653" ind2=" " ind1=" ">
      <subfield code="a">DISCIPLINES AND OCCUPATIONS::Natural Science Disciplines::Mathematics::Data Analysis</subfield>
   </datafield>
   <datafield tag="653" ind2=" " ind1=" ">
      <subfield code="a">ORGANISMOS::virus::virus ARN::Nidovirales::Coronaviridae::coronavirus::Betacoronavirus::virus del SRAS</subfield>
   </datafield>
   <datafield tag="653" ind2=" " ind1=" ">
      <subfield code="a">Otros calificadores::Otros calificadores::/terapia</subfield>
   </datafield>
   <datafield tag="653" ind2=" " ind1=" ">
      <subfield code="a">ATENCIÓN DE SALUD::instalaciones, servicios y personal de asistencia sanitaria::centros sanitarios::unidades hospitalarias::unidades de cuidados intensivos::unidades de cuidados intensivos pediátricos</subfield>
   </datafield>
   <datafield tag="653" ind2=" " ind1=" ">
      <subfield code="a">DISCIPLINAS Y OCUPACIONES::disciplinas de las ciencias naturales::matemáticas::análisis de datos</subfield>
   </datafield>
   <datafield ind2="0" ind1="0" tag="245">
      <subfield code="a">Characteristics and management of patients with SARS-CoV2 infection admitted to pediatric intensive care units: Data analysis of the Spanish national multicenter registry</subfield>
   </datafield>
</record></metadata></record></GetRecord></OAI-PMH>